[Event "POR-chT3 final"]
[Site "Matosinhos"]
[Date "2013.08.25"]
[Round "3.4"]
[White "Viana, Eduardo Escudeiro"]
[Black "Wang, Rui Yang"]
[Result "0-1"]
[WhiteElo "1638"]
[BlackElo "1572"]
[PlyCount "52"]
[EventDate "2013.08.23"]
[EventType "team-swiss"]
[EventRounds "3"]
[EventCountry "POR"]
[SourceTitle "EXT 2015"]
[Source "ChessBase"]
[SourceDate "2014.11.20"]
[SourceVersion "1"]
[SourceVersionDate "2014.11.20"]
[SourceQuality "1"]
[WhiteTeam "Amigos de Urgezes II"]
[BlackTeam "Porto GX IV"]
[WhiteTeamCountry "POR"]
[BlackTeamCountry "POR"]

1. d4 Nf6 2. Nf3 d5 3. Bg5 e6 4. e3 Be7 5. Bd3 Nbd7 6. Nbd2 c5 7. c3 c4 8. Bc2 h6 9. Bh4 b5 10. 0-0 b4 11. Ne5 Bd6 12. f4 Qc7 13. Rf3 0-0 14. Rg3 bxc3 15. bxc3 Be7 16. Ba4 Nxe5 17. fxe5 Ne8 18. Bxe7 Qxe7 19. Qh5 Kh8 20. Rf1 Bd7 21. Bc2 Rb8 22. Rf4 f5 23. exf6 Nxf6 24. Qg6 Be8 25. Rxf6 Bxg6 26. Rfxg6 Rb2 0-1

[Event "POR-ch U16"]
[Site "Torres Vedras"]
[Date "2011.04.11"]
[Round "3"]
[White "Wang, Rui Yang"]
[Black "Dionizio, Cristiano Miguel N"]
[Result "1/2-1/2"]
[WhiteElo "1565"]
[BlackElo "1770"]
[PlyCount "100"]
[EventDate "2011.03.28"]
[EventType "swiss"]
[EventRounds "7"]
[EventCountry "POR"]
[SourceTitle "EXT 2015"]
[Source "ChessBase"]
[SourceDate "2014.11.20"]
[SourceVersion "1"]
[SourceVersionDate "2014.11.20"]
[SourceQuality "1"]

1. d4 e6 2. c4 d5 3. Nf3 Nf6 4. Bg5 Be7 5. Nc3 c6 6. e3 Nbd7 7. Be2 h6 8. Bh4 0-0 9. 0-0 Re8 10. Bg3 Nh5 11. Be5 Nxe5 12. Nxe5 Nf6 13. cxd5 exd5 14. Qc2 Rf8 15. Rfe1 Nd7 16. Nxd7 Bxd7 17. Bf3 Bf6 18. Rad1 Qb6 19. Na4 Qd8 20. Nc5 b6 21. Nxd7 Qxd7 22. Rc1 Rac8 23. h3 Qd6 24. Qb3 Rfd8 25. Red1 Rc7 26. Rc2 g6 27. Rdc1 c5 28. dxc5 Rxc5 29. Rd1 Rxc2 30. Qxc2 Qe5 31. Rd4 Qe6 32. Ra4 a5 33. b4 axb4 34. Rxb4 Be7 35. Rd4 Bc5 36. Rd1 d4 37. Qa4 Qf6 38. exd4 Rxd4 39. Rxd4 Qxd4 40. Qc2 Kg7 41. Kf1 Qa1+ 42. Ke2 Qd4 43. Kf1 Kf6 44. g4 Qa1+ 45. Kg2 Qd4 46. h4 Kg7 47. Kg1 Qa1+ 48. Kg2 Qd4 49. Kg3 Qe5+ 50. Kg2 Qd4 1/2-1/2